LEADER 05319nam 2200673Ia 450 001 9910145819003321 005 20230721004951.0 010 $a1-282-03448-0 010 $a9786612034480 010 $a1-4443-0138-1 010 $a1-4443-0139-X 035 $a(CKB)1000000000716010 035 $a(EBL)416503 035 $a(OCoLC)437097915 035 $a(SSID)ssj0000242636 035 $a(PQKBManifestationID)11175659 035 $a(PQKBTitleCode)TC0000242636 035 $a(PQKBWorkID)10311481 035 $a(PQKB)11567070 035 $a(MiAaPQ)EBC416503 035 $a(Au-PeEL)EBL416503 035 $a(CaPaEBR)ebr10301451 035 $a(CaONFJC)MIL203448 035 $a(EXLCZ)991000000000716010 100 $a20080211d2008 uy 0 101 0 $aeng 135 $aur|n|---||||| 181 $ctxt 182 $cc 183 $acr 200 00$aSeafood ecolabelling$b[electronic resource] $eprinciples and practice /$fedited by Trevor Ward, Bruce Phillips 210 $aChichester, U.K. ;$aAmes, Iowa $cWiley-Blackwell$dc2008 215 $a1 online resource (488 p.) 300 $aDescription based upon print version of record. 311 $a1-4051-6266-X 320 $aIncludes bibliographical references and index. 327 $aContents; Colour Plates; Foreword; Notes on Contributors; Chapter 1 Ecolabelling of Seafood: The Basic Concepts; 1.1 Introduction; 1.2 Ecolabelling programmes; 1.3 How ecolabelling works; 1.4 Types of ecolabels; 1.5 Ecolabelling governance; 1.6 Sustainability standards; 1.7 Ecolabelling in the marketplace; 1.7.1 The Blue Angel; 1.7.2 Uptake by business; 1.7.3 Seafood ecolabelling in Asia; 1.7.4 A chef's story; References; Chapter 2 The Economics of Ecolabelling; 2.1 Introduction; 2.2 The economics of consumer demand for ecolabelled products 327 $a2.2.1 The theoretical foundation: economics of information2.2.2 Demand for attributes; 2.2.3 Empirical analysis of consumer demand for ecolabelled seafood; 2.2.4 Consumer demand for dolphin-safe tuna; 2.3 The economics of the market; 2.4 The economics of certification of fisheries; 2.5 Conclusions and need for future research; References; Chapter 3 FAO Guidelines for Ecolabelling in Wild-Capture Fisheries; 3.1 The Food and Agriculture Organization of the United Nations (FAO) and capture fisheries; 3.2 The origins of the ecolabelling debate in FAO 327 $a3.3 The development of the FAO ecolabelling guidelines3.3.1 Scope; 3.3.2 Principles; 3.3.3 General considerations; 3.3.4 Terms and definitions; 3.3.5 Minimum substantive requirements and criteria for ecolabels; 3.3.6 Procedural and institutional aspects; 3.4 Conclusions; References; Chapter 4 Marine Stewardship Council Programme; 4.1 Introduction; 4.2 The MSC background and history; 4.3 How the MSC programme works; 4.3.1 The concepts; 4.3.2 Implementing the programme; 4.4 The MSC vision and mission; 4.5 Progress to date; 4.5.1 Europe; 4.5.2 North America; 4.5.3 Central and South America 327 $a4.5.4 Asia-Pacific region4.5.5 Africa; 4.6 The ecological case; 4.7 Proof of concept; 4.7.1 Retailers; 4.7.2 Restaurants and foodservice; 4.7.3 Consumer awareness; 4.8 Strengthening the fishery assessment process; 4.9 Traceability and assurance in the supply chain; 4.10 Developing world programme; 4.10.1 The GASSDD project; 4.11 System of governance; 4.12 The MSC's future; References; Chapter 5 Aquaculture Certification; 5.1 Introduction; 5.2 Sustainable aquaculture; 5.3 Environmental pressure; 5.4 Economic pressure; 5.5 Aquaculture certification schemes; 5.6 Unintended consequences 327 $a5.7 The alliance5.8 The GAA principles; 5.9 The GAA vision; 5.10 Codes of practice; 5.11 Standards; 5.12 The Aquaculture Certification Council, Inc.; 5.13 GAA perspectives; 5.13.1 Mangroves; 5.13.2 Fishmeal; 5.13.3 Antibiotic residues; 5.13.4 Trade issues; 5.14 Conclusions; References; Chapter 6 GLOBALGAP - Building Consumer Confidence in Aquaculture Sustainability; 6.1 Background; 6.2 About GLOBALGAP; 6.2.1 Governance; 6.2.2 Process of standard development; 6.2.3 Training and implementation; 6.2.4 Auditing and certification; 6.2.5 Accreditation of certification bodies 327 $a6.2.6 Benchmarking and approval of equivalent certification standards 330 $aSEAFOOD Ecolabelling Principles and Practice Edited by Trevor Ward and Bruce Phillips In recent years there have been some major developments and a greatly increased recognition of the importance of more sustainable and environmentally-friendly fishing and fish-farming methods. Various types of seafood eco-endorsements have been introduced, and these initiatives have now blossomed into an extensive range of types of product endorsement labels and systems. This volume comprehensively reviews the current eco-endorsement systems for seafood products, described in four main sec 606 $aEco-labeling 606 $aSeafood 615 0$aEco-labeling. 615 0$aSeafood. 676 $a381.437 676 $a658.8/23 676 $a658.823 701 $aWard$b Trevor J$0945396 701 $aPhillips$b Bruce F$0937188 801 0$bMiAaPQ 801 1$bMiAaPQ 801 2$bMiAaPQ 906 $aBOOK 912 $a9910145819003321 996 $aSeafood ecolabelling$92172319 997 $aUNINA LEADER 01361nam0 22003131i 450 001 RML0315489 005 20231121125754.0 100 $a20121121d2010 ||||0itac50 ba 101 | $aita 102 $ait 181 1$6z01$ai $bxxxe 182 1$6z01$an 200 1 $aStrix$ela strega nella cultura romana$fLaura Cherubini 210 $aTorino $cUTET $d©2010 215 $aX,242 p.$d23 cm 225 | $aCollana del dottorato Antropologico, Storia e Teoria della Cultura, Istituto Italiano di Scienze Umane, Universitą di Siena$c- Torino $eUTET $v2 410 0$1001RML0329432$12001 $aCollana del dottorato Antropologico, Storia e Teoria della Cultura, Istituto Italiano di Scienze Umane, Universitą di Siena$c- Torino $eUTET $v2 606 $aStreghe$2FIR$3RMLC090567$9I 606 $aStregoneria$xAspetti socio culturali$xRoma antica$2FIR$3RMLC423261$9I 676 $a398.450937$9$v21 700 1$aCherubini$b, Laura$3RMLV203556$0206312 801 3$aIT$bIT-01$c20121121 850 $aIT-FR0017 899 $aBiblioteca umanistica Giorgio Aprea$bFR0017 912 $aRML0315489 950 0$aBiblioteca umanistica Giorgio Aprea$d 52CIS 12/1905$e 52VM 0000860445 VM barcode:00081122. - Inventario:6585 FLSVM$fA $h20110118$i20121204 977 $a 52 996 $aStrix$93632626 997 $aUNICAS